| 000 | 00589nam a2200193 a 4500 | ||
|---|---|---|---|
| 001 | 590 | ||
| 003 | CDMR | ||
| 005 | 20131114103438.0 | ||
| 008 | 130130s1945||||||||||||||||||||||||||||d | ||
| 040 |
_aCDMR _bcat _cCDMR |
||
| 100 | 1 |
_aAltabella Hernández, José _912 |
|
| 245 | 1 | 0 |
_aCorresponsales de guerra _b: su historia y su actuación _cJosé Altabella ; prólogo de Pedro Gómez Aparicio |
| 260 |
_aMadrid _c1945 _bFebo |
||
| 300 |
_a375 p. _bfot. b/n |
||
| 490 | 0 | _aGrandes reportajes | |
| 650 | 0 | 4 |
_92560 _aCorresponsals de guerra |
| 650 | 0 | 4 |
_92512 _aPeriodisme _xHistòria |
| 942 |
_cMON _2udc |
||
| 999 |
_c590 _d590 |
||